000 00742nam a2200217Ia 4500
003 GCL
008 140319s9999 xx 000 0 ara d
040 _aGCL /
_cGCL
082 0 4 _a411.1
_bر ك
100 1 _aرمزى بعبكى
245 1 0 _aالكتابة العربية والسامية دراسات فى تاريخ الكتابة واصولها عند الساميين /
_cرمزى بعبكى
260 _a[S.N] :
_bدار العلم للملايين ،
_c1981
300 _a424 ص
490 _a
650 0 4 _aاللغة العربية
650 0 4 _aالكتابة العربية
650 0 4 _aاللغات السامية
650 0 4 _aالكتابة، تاريخ
650 0 4 _aالنقوش السامية
942 _2ddc
_cBK
999 _c37497
_d37497